000 00600nam a2200241Ia 4500
003 OSt
005 20220918192800.0
006 a|||||r|||| 00| 0
007 ta
008 220917b |||||||| |||| 00| 0 eng d
024 _a70,256
037 _cTextual
040 _aARTS
_cARTS
_beng
041 _2eng
_aeng
082 _aR34, L5
100 _aKenny Anthony
245 0 _aWill, freedom and power
260 _aOxford
_bBasil Blackwell
_c1975
300 _avi,179p.
_ccm.
500 _aBib 162-64p
942 _hR34, L5
_cTEXL
_2CC
999 _c196354
_d196354